| 000 | 00784nam a2200253 a 4500 | ||
|---|---|---|---|
| 999 |
_c4101 _d4101 |
||
| 001 | 11528 | ||
| 003 | BD-DhUAP | ||
| 005 | 20201108131541.0 | ||
| 008 | 201101s1987 maua 001 0 eng d | ||
| 020 | _a0070488452 | ||
| 040 |
_aBD-DhUAP _cBD-DhUAP _dBD-DhUAP _bEng |
||
| 082 | 0 | 0 |
_a515 PAR _223 |
| 100 | _aParzynski, William R. | ||
| 245 |
_aIntroduction to Mathematical analysis / _cWilliam R. Parzynski and Philip W. Zipse. |
||
| 250 | _aInternational edition. | ||
| 260 |
_aSingapore : _bMcGraw-Hill book, _cc1987. |
||
| 300 |
_aviii, 359 pages : _billustrations ; _c22 cm. |
||
| 490 | _aMathematics. | ||
| 504 | _aIncludes bibliographical references and index. | ||
| 650 | _aMathematical analysis. | ||
| 700 | _aZipse, Philip W. | ||
| 942 | 0 | 0 |
_2ddc _cBK |